Greatest Ever Sportsmen - Statistics

General Stats
  • This quiz has been taken 398 times
    372 since last reset
  • The average score is 2 of 12
Answer Stats
Hint Answer % Correct
Football (Soccer) Zinedine Zidane, Pele
96%
Basketball Michael Jordan
38%
Tennis Pete Sampras, Roger Federer
35%
Rugby Jonah Lomu
17%
Baseball Babe Ruth, Stan Musial
13%
Hockey Wayne Gretzky
11%
Darts Phil Taylor
9%
Golf Jack Nicklaus
6%
Cricket Don Bradman, Sachin Tendulkar
5%
American Football Peyton Manning
4%
Table Tennis Wang Liqin, Ma Long
1%
Volleyball Giba
0%
No matching quizzes found
Score Distribution
Percent of People with Each Score
Percentile by Number Answered
Your Score History
You have not taken this quiz since the last reset